The creolizing subject (Record no. 114337)
[ view plain ]
| 000 -LEADER | |
|---|---|
| fixed length control field | 01728nam a2200373 a 4500 |
| 082 04 - DEWEY DECIMAL CLASSIFICATION NUMBER | |
| Classification number | 305.8001 |
| 100 1# - MAIN ENTRY--AUTHOR NAME | |
| Personal name | Monahan, Michael J. |
| 245 14 - TITLE STATEMENT | |
| Title | The creolizing subject |
| 250 ## - EDITION STATEMENT | |
| Edition statement | 1st ed. |
| 260 ## - PUBLICATION, DISTRIBUTION, ETC. (IMPRINT) | |
| Place of publication | New York : |
| Name of publisher | Fordham University Press, |
| Year of publication | 2011. |
| 300 ## - PHYSICAL DESCRIPTION | |
| Number of Pages | ix, 247 p. |
| 490 1# - SERIES STATEMENT | |
| Series statement | Just ideas |
| 505 0# - FORMATTED CONTENTS NOTE | |
| Formatted contents note | Contingency, history, and ontology : on abolishing whiteness -- Turbulent and dangerous spirits : Irish servitude in Barbados -- Race and biology : scientific reason and the politics of purity -- "Becoming" white : race, reality, and agency -- The politics of purity : colonialism, reason, and modernity -- Creolizing subjects : antiracism and the future of philosophy. |
| 650 #0 - SUBJECT ADDED ENTRY--TOPICAL TERM | |
| Topical Term | Race |
| Topical Term | Race relations |
| Topical Term | Racism. |
| 856 40 - ELECTRONIC LOCATION AND ACCESS | |
| Uniform Resource Identifier | http://site.ebrary.com/lib/rucke/Doc?id=10470367 |
No items available.
